Giáo trình quản lý hành chính nhà nước
সংরক্ষণ করুন:
| বিন্যাস: | গ্রন্থ |
|---|---|
| প্রকাশিত: |
H
Nxb. Lao động
1994
|
| সংস্করন: | In lần thứ 2, có bổ xung, sữa chữa |
| ট্যাগগুলো: |
ট্যাগ যুক্ত করুন
কোনো ট্যাগ নেই, প্রথমজন হিসাবে ট্যাগ করুন!
|
| Thư viện lưu trữ: | Mạng thư viện Đại học Đà Nẵng |
|---|
| LEADER | 00697nam a2200217 4500 | ||
|---|---|---|---|
| 001 | 000015346 | ||
| 003 | 11723 | ||
| 005 | 20150812150837.0 | ||
| 008 | 120525s1994 sd | ||
| 245 | 0 | 0 | |a Giáo trình quản lý hành chính nhà nước |
| 250 | |a In lần thứ 2, có bổ xung, sữa chữa | ||
| 260 | |a H |b Nxb. Lao động |c 1994 | ||
| 774 | |a Học viện hành chính quốc gia |b In lần 2 có bổ sung sửa chữa |d H. |d Lao động |d 1994 |g T.3 |h 524tr |w 11721 | ||
| OWN | |a LSP | ||
| 999 | |a From the UDN01 | ||
| TYP | |a Monograph | ||
| TYP | |a Printed language | ||
| 980 | |a Mạng thư viện Đại học Đà Nẵng | ||